Introduction to the global oil & gas business.

Bibliographic Details
Main Author: Van Vactor
Format: Book
Published: Oklahoma: PennWell Corporation, 2010.
Subjects:
LEADER 00510cam a2200169 7i4500
001 0000028227
005 20121227090000.0
020 0 0 |a 9781593702144  
090 0 0 |a P 338.2728   |b VAN 
100 1 0 |a Van Vactor  
245 1 0 |a Introduction to the global oil & gas business. 
260 0 0 |a Oklahoma:   |b PennWell Corporation,   |c 2010. 
300 # # |a 176 p. 
650 0 0 |a Petroleum industry and trade  
650 0 0 |a Gas industry  
650 0 0 |a Oil and gas industry and trade  
999 |a B000031613  |b Book  |c Products  |e Business Information Centre